000 00436nam a2200157Ia 4500
008 151213s9999 xx 000 0 und d
020 _a0-90409538-x
100 _aP.R.Lord / M.H.Mohamed
245 _aWeaving Conversion of Yearn To Fabric
_cP.R.Lord / M.H.Mohamed
260 _aU S A
_bMerrow Publication Co.
_c1982
300 _a8194 p.
650 _aTextile
650 _aTextile
700 _aP.R.Lord / M.H.Mohamed
999 _c4113
_d4113